Preparación de los directores municipales de educación para el perfeccionamiento del estilo organizativo que facilite su desempeño profesional pedagógico
Aborda la preparación de los Directores Municipales de Educación para el perfeccionamiento del estilo organizativo que facilite su desempeño profesional pedagógico.
Gardado en:
| Autor Principal: | |
|---|---|
| Autor Corporativo: | |
| Outros autores: | , |
| Formato: | eBook |
| Idioma: | Lingua castelá |
| Publicado: |
La Habana :
Editorial Universitaria,
2012.
|
| Subjects: | |
| Acceso en liña: | https://elibro.unach.elogim.com/es/lc/unach/titulos/90514 |
| Tags: |
Engadir etiqueta
Sen Etiquetas, Sexa o primeiro en etiquetar este rexistro!
|
MARC
| LEADER | 00000nam a2200000 a 4500 | ||
|---|---|---|---|
| 001 | ELB90514 | ||
| 003 | FlNmELB | ||
| 006 | m o d | | ||
| 007 | cr cn||||||||| | ||
| 008 | 201201r2012 cu |||||s|||||||||||spa d | ||
| 024 | 8 | |z Tesis | |
| 035 | |a (MiAaPQ)EBC3201330 | ||
| 035 | |a (Au-PeEL)EBL3201330 | ||
| 035 | |a (CaPaEBR)ebr10592286 | ||
| 035 | |a (OCoLC)929370231 | ||
| 040 | |a FlNmELB |b spa |c FlNmELB | ||
| 050 | 4 | |a L7 |b H558 2012 | |
| 080 | |a 37 | ||
| 082 | 0 | 4 | |a 370 |2 22 |
| 100 | 1 | |a Hernández Fernández, Viviana Emérida. | |
| 245 | 1 | 0 | |a Preparación de los directores municipales de educación para el perfeccionamiento del estilo organizativo que facilite su desempeño profesional pedagógico |h [recurso electronico] |c Viviana Emérita Hernández Fernández. |
| 260 | |a La Habana : |b Editorial Universitaria, |c 2012. | ||
| 300 | |a 184 p. | ||
| 500 | |a Tesis (doctorado) - Universidad de Ciencias Pedagógicas ""Felix Varela"". | ||
| 520 | |a Aborda la preparación de los Directores Municipales de Educación para el perfeccionamiento del estilo organizativo que facilite su desempeño profesional pedagógico. | ||
| 533 | |a Recurso electrónico. Santa Fe, Arg.: e-libro, 2015. Disponible vía World Wide Web. El acceso puede estar limitado para las bibliotecas afiliadas a e-libro. | ||
| 650 | 4 | |a Educación. |x Administración. |x General. | |
| 650 | 4 | |a Education. |x Administration. |x General. | |
| 655 | 4 | |a Libros electrónicos. | |
| 700 | 1 | |a Rodríguez Becerra, Fara. |4 drt | |
| 700 | 1 | |a Alfonso Serafín, Alicia. |4 drt | |
| 710 | 2 | |a e-libro, Corp. | |
| 856 | 4 | 0 | |u https://elibro.unach.elogim.com/es/lc/unach/titulos/90514 |